000 00532nam a2200193Ia 4500
003 IN-BaIIA
005 20250707112629.0
008 211028s9999 xx 000 0 eng d
040 _cIIA Library
080 _a533.1
_bSPI
100 _aLyman, Spitzer
_96440
245 0 _aPhysics of Fully Ionized Gases
_cLyman Spitzer and Raymond J. Seeger
250 _a2nd rev. ed.
260 _aNew York
_bInterscience Publishers
_c1967
300 _axii, 170p.
650 _aIonized Gases
_91896
650 _aPhysics
_973
942 _cBK
_2ddc
999 _c3631
_d3631